Central Library and Information Centre
Sibsagar Girls' College, Sivasagar : Assam

MICRO ECONOMICS (Record no. 23146)

MARC details
000 -LEADER
fixed length control field 00534cam a2200229ua 4500
008 - FIXED-LENGTH DATA ELEMENTS--GENERAL INFORMATION
fixed length control field 190701n2012 II |||gr||||Z||||||eng
040 ## - CATALOGING SOURCE
Original cataloging agency MAIN
041 ## - LANGUAGE CODE
-- English
041 ## - LANGUAGE CODE
-- eng
082 ## - DEWEY DECIMAL CLASSIFICATION NUMBER
Classification number 338.5 POW
100 ## - MAIN ENTRY--PERSONAL NAME
Personal name POWER, SURAJ.
245 ## - TITLE STATEMENT
Title MICRO ECONOMICS
250 ## - EDITION STATEMENT
Edition statement 1ST.
260 ## - PUBLICATION, DISTRIBUTION, ETC.
Place of publication, distribution, etc. NEW DELHI
Name of publisher, distributor, etc. CRESENT PUBLICATION COOPERATION
Date of publication, distribution, etc. 2012
300 ## - PHYSICAL DESCRIPTION
Extent 283.:
Dimensions 20CM.
500 ## - GENERAL NOTE
General note RUSA
700 ## - ADDED ENTRY--PERSONAL NAME
Personal name POWER, SURAJ.,
Relator term AUTHOR.
700 ## - ADDED ENTRY--PERSONAL NAME
Personal name NAIDU, ASHOK.
942 ## - ADDED ENTRY ELEMENTS (KOHA)
Koha item type Books
653 ## - INDEX TERM--UNCONTROLLED
Uncontrolled term Micro Economics
Holdings
Withdrawn status Lost status Damaged status Not for loan Collection code Home library Current library Shelving location Date acquired Full call number Barcode Date last seen Copy number Price effective from Koha item type Public note
        TBECO Central Library and Information Centre Sibsagar Girls College Central Library and Information Centre Sibsagar Girls College ECONOMICS BOOK RACK 28.08.2017 338.5 POW 36833 27.02.2020 1 27.02.2020 Books V
        TBECO Central Library and Information Centre Sibsagar Girls College Central Library and Information Centre Sibsagar Girls College ECONOMICS BOOK RACK 28.08.2017 338.5 POW 36834 27.02.2020 2 27.02.2020 Books V
        TBECO Central Library and Information Centre Sibsagar Girls College Central Library and Information Centre Sibsagar Girls College ECONOMICS BOOK RACK 28.08.2017 338.5 POW 36835 27.02.2020 3 27.02.2020 Books V
        TBECO Central Library and Information Centre Sibsagar Girls College Central Library and Information Centre Sibsagar Girls College ECONOMICS BOOK RACK 28.08.2017 338.5 POW 36836 27.02.2020 4 27.02.2020 Books V
        TBECO Central Library and Information Centre Sibsagar Girls College Central Library and Information Centre Sibsagar Girls College ECONOMICS BOOK RACK 28.08.2017 338.5 POW 36837 27.02.2020 5 27.02.2020 Books V
        TBECO Central Library and Information Centre Sibsagar Girls College Central Library and Information Centre Sibsagar Girls College ECONOMICS BOOK RACK 28.08.2017 338.5 POW 36838 27.02.2020 6 27.02.2020 Books V


Sibsagar Girl's College © 2020. All rights reserved.
Powered by Koha.
Maintained by Abhijit Borpuzari.